000 00804nam a22002057a 4500
005 20170707142924.0
010 _aB-634831
020 _a9788174465061
_c640.00
035 _aB-634831
037 _bDPL/RP/KK Publications
082 _a658.5
100 _aKachru, Upendra
245 _aProduction and operations management :
_btext and cases /
_cby Upendra Kachru
260 _aNew Delhi
_bExcel Books
_c2013(repr.)
270 _aA-45 naraina Phase-I
_bNew Delhi
_e110028
300 _axxix,811p.
_c27cm(pbk)
500 _aIncludes bibliographical references and index
942 _2ddc
_cEN
_h658.5
_mKAC
999 _c104160
_d104160